Chemical and biological evaluation of endotoxin contamination on natural rubber latex products (Record no. 55476)

MARC details
000 -LEADER
fixed length control field 00617nam a2200217Ia 4500
100 ## - MAIN ENTRY--AUTHOR NAME
Personal name Haishima Y
245 #0 - TITLE STATEMENT
Title Chemical and biological evaluation of endotoxin contamination on natural rubber latex products
260 ## - PUBLICATION, DISTRIBUTION, ETC. (IMPRINT)
Name of publisher Journal of Biomedical Materials Research
Year of publication 2001
300 ## - PHYSICAL DESCRIPTION
Number of Pages 424-432
500 ## - GENERAL NOTE
General note Source Year: 2001
650 ## - SUBJECT ADDED ENTRY--TOPICAL TERM
Topical Term Endotoxin contamination
650 ## - SUBJECT ADDED ENTRY--TOPICAL TERM
Topical Term NR latex products
700 ## - ADDED ENTRY--PERSONAL NAME
Personal name Hirata M
700 ## - ADDED ENTRY--PERSONAL NAME
Personal name Murai T
700 ## - ADDED ENTRY--PERSONAL NAME
Personal name Nakagawa Y
700 ## - ADDED ENTRY--PERSONAL NAME
Personal name Nakamura A
700 ## - ADDED ENTRY--PERSONAL NAME
Personal name Yagami T
856 ## - ELECTRONIC LOCATION AND ACCESS
Uniform Resource Identifier RAPRA. 38(9)
942 ## - ADDED ENTRY ELEMENTS (KOHA)
Koha item type Journals
Holdings
Withdrawn status Lost status Damaged status Not for loan Home library Current library Shelving location Date acquired Serial Enumeration / chronology Koha item type
      Journals RRII Library RRII Library Rubber chemistry 27/11/2001 Volume 55, Issue 3 Journals